País de la capital Random #1 - Estadísticas

Estadísticas generales
  • Esta prueba ha sido intentada 54 veces
  • La puntuación promedio es 12 de 15
Estadísticas de respuestas
Hint Respuesta % Correcto
Buenos Aires Argentina
100%
Pekín China
100%
Bogotá Colombia
100%
Madrid España
100%
Washington D. C. Estados Unidos
100%
Lisboa Portugal
100%
Berlin Alemania
98%
Oslo Noruega
96%
Rabat Marruecos
87%
Reikiavik Islandia
83%
Kinsasa Republica Democratica del Congo
57%
Acra Ghana
52%
Dodoma Tanzania
46%
CDG Guatemala
41%
Apia Samoa
33%
No se encontraron pruebas coincidentes
Distribución de puntuación
Porcentaje de gente con cada puntuación
Porcentaje por número respondido
Historial de tus puntuaciones
No has intentado esta prueba.